| 000 | 004070000a22001210004500 | ||
|---|---|---|---|
| 090 |
_aAR _b04478 |
||
| 245 | 1 | 0 |
_aColección de Peces del Instituto Alexander von Humboldt (IAvH), nuevos registros y representatividad _sparte I; Orinoquia |
| 041 | 0 | _aEspañol | |
| 700 | 1 |
_aMaldonado Ocampo, Javier A. _9125 |
|
| 100 | 1 |
_aBogotá Gregory, Juan David _95391 |
|
| 942 | _cARTICULO | ||
| 773 | 1 |
_tDahila _h8 _q29-37 _d2005 |
|
| 999 |
_c13577 _d13577 |
||